Andhra Pradesh State Highways Project / (Record no. 1659)

MARC details
000 -LEADER
fixed length control field 00598nam a2200193 a 4500
005 - DATE AND TIME OF LATEST TRANSACTION
control field 20260112063241.0
039 ## - LEVEL OF BIBLIOGRAPHIC CONTROL AND CODING DETAIL [OBSOLETE]
Level of rules in bibliographic description 201303221245
Level of effort used to assign nonsubject heading access points staff
Level of effort used to assign subject headings 201303221212
Level of effort used to assign classification staff
-- 200908220328
-- staff
082 ## - DEWEY DECIMAL CLASSIFICATION NUMBER
Classification number 388.1
Item number WOR
100 ## - MAIN ENTRY--PERSONAL NAME
Personal name the world bank
245 ## - TITLE STATEMENT
Title Andhra Pradesh State Highways Project /
Statement of responsibility, etc. The World Bank
260 ## - PUBLICATION, DISTRIBUTION, ETC.
Place of publication, distribution, etc. Washington :
Name of publisher, distributor, etc. The World Bank,
Date of publication, distribution, etc. 2007
300 ## - PHYSICAL DESCRIPTION
Extent 21p. :
Other physical details ill;
Dimensions 20cm.
650 ## - SUBJECT ADDED ENTRY--TOPICAL TERM
Topical term or geographic name entry element Loans
General subdivision Foreign
650 ## - SUBJECT ADDED ENTRY--TOPICAL TERM
Topical term or geographic name entry element Roads
650 ## - SUBJECT ADDED ENTRY--TOPICAL TERM
Topical term or geographic name entry element India
General subdivision AndhraPradesh
991 ## -
-- VIRTUA40
991 ## -
-- VTLSSORT0080*0820*1000*2450*2600*3000*6500*6501*6502*9992
909 ## -
-- 1684
Holdings
Withdrawn status Lost status Damaged status Not for loan Home library Current library Date acquired Total checkouts Full call number Barcode Copy number Koha item type
        Indian Institute Of Management, Shillong Indian Institute Of Management, Shillong 22/08/2009   388.1 WOR 0006831   Reference
Copyright © 2026 Indian Institute of Management Shillong. All Rights Reserved.